[Event "RUS-chT 11th"]
[Site "Sochi"]
[Date "2004.04.20"]
[Round "1.6"]
[White "Glek, Igor Vladimirovich"]
[Black "Najer, Evgeniy"]
[Result "0-1"]
[WhiteElo "2571"]
[BlackElo "2606"]
[Annotator "Psakhis,L"]
[PlyCount "102"]
[EventDate "2004.04.20"]
[EventType "team-tourn"]
[EventRounds "9"]
[EventCountry "RUS"]
[SourceTitle "EXT 2020"]
[Source "ChessBase"]
[SourceDate "2019.10.17"]
[SourceVersion "1"]
[SourceVersionDate "2019.10.17"]
[SourceQuality "1"]
[WhiteTeam "Samara Termosteps"]
[BlackTeam "Norilsk Norilsky Nikel"]
[WhiteTeamCountry "RUS"]
[BlackTeamCountry "RUS"]

1. e4 c5 2. Nf3 d6 3. Bb5+ {It is strange that so active player as Igor Glek
likes so much this modest move.} Bd7 4. Bxd7+ Qxd7 5. O-O Nc6 (5... Nf6 $5) 6.
c3 Nf6 7. d4 (7. Re1 e6 8. d4 cxd4 9. cxd4 d5 10. e5 Ne4 11. Nbd2 Nxd2 12. Bxd2
Be7 $11) 7... Nxe4 8. d5 Ne5 (8... Nd8 9. Re1 Nf6 10. Bg5 Ng8 11. b4 h6 12. Be3
cxb4 13. Bd4 Nf6 14. Bxf6 gxf6 15. cxb4 Bg7 16. Nbd2 f5 17. Rc1 $36 {[%csl Re8]
1-0 Glek,I-Klimov,S/RUS-ch Krasnoyarsk 2003/CBM 98 (40)}) 9. Re1 (9. Nxe5 dxe5
10. Re1 Nd6 (10... Nf6 $5 11. Rxe5 e6 12. c4 O-O-O 13. Nc3 Bd6 14. Re1 exd5 15.
Nxd5 Qf5 16. Be3 Rhe8 $11 17. b4 $2 Ng4 18. g3 Rxe3 $1 {0-1 Zarnicki,P-Ramirez,
A/Buenos Aires}) 11. Rxe5 g6 12. Re1 Bg7 13. Bg5 Nf5 14. Na3 O-O-O 15. Qb3 f6
16. Bf4 g5 17. Bg3 Qxd5 18. Qa4 a6 19. Nc4 Qc6 20. Re6 Qxe6 {0-1 Strikovic,
A-Kolev,A/Sevilla op 1999/ (20)}) 9... Nxf3+ 10. Qxf3 Nf6 11. Na3 (11. c4 e5
12. dxe6 fxe6 13. Bg5 Be7 14. Nc3 O-O 15. Qh3 h6 16. Qxe6+ $5 (16. Bh4 g5 17.
Rxe6 gxh4 18. Rxf6 Qxh3 19. Rxf8+ Rxf8 20. gxh3 Bf6 21. Rc1 Bxc3 22. Rxc3 Rf4
$11 {1/2-1/2 Ulibin,M-Najer,E/RUS t-ch Togliatti 2003/ (33)}) 16... Qxe6 17.
Rxe6 Kf7 18. Bxf6 Kxe6 19. Bxg7 Rf7 20. Bxh6 Bf6 21. Rc1 a6 22. b3 b5 23. Ne4
$14 {1/2-1/2 Ulibin,M-Sutovsky,E/Geneve op 2004 (48)}) 11... e6 (11... O-O-O
12. b4 e6 13. dxe6 fxe6 14. bxc5 d5 15. Nc2 Bxc5 16. Be3 Ne4 17. Bxc5 Nxc5 18.
Qe3 Qc7 19. Nd4 $132 {1/2-1/2 Tseitlin,M-Najer,E/ECC Cup Rethymnon 2003/ (32)})
12. dxe6 fxe6 13. Bg5 Be7 14. Rad1 O-O-O {In my opinion Black has solved his
openings problems and has rather comfortable play here.} (14... O-O $6 15. Qh3
h6 16. Qxe6+ Qxe6 17. Rxe6 Rfe8 18. Bxf6 Bxf6 19. Rexd6 Re2 20. R6d2 Rxd2 21.
Rxd2 $16 {1-0 Glek,I-Roeder,M/Porto San Giorgio (48)}) 15. Nc4 Rhf8 16. Qe3 $5
$146 {Interesting idea!} ({The following does not give anything to White} 16.
Qe2 d5 17. Nd2 Bd6 18. Qxe6 Qxe6 19. Rxe6 Kd7 20. Re2 Rde8 21. Rxe8 Nxe8 22.
Nf3 Nc7 23. h4 Kc6 $11 {Glek,I-Balcerak,J/BL2 0203 2003/1/2-1/2 (53)}) 16...
Nd5 (16... d5 17. Qh3 $5) (16... Rde8 17. Qxe6 Qxe6 18. Rxe6 $36) ({Worse
considering} 16... h6 $5 {for example:} 17. Qxe6 d5 18. Qxd7+ (18. Bxf6 $2 Qxe6
19. Rxe6 dxc4 $19) (18. Qxe7 Qxe7 19. Rxe7 dxc4 20. Bd2 Rd3 21. Kf1 Rfd8 22.
Ke2 g5 $132) 18... Rxd7 $11) 17. Qxe6 (17. Rxd5 exd5 18. Bxe7 dxc4 19. Bxd8
Rxd8 $17) 17... Qxe6 18. Rxe6 Nxc3 $1 ({Black can't be satisfied with} 18...
Bxg5 $2 19. Rxd5 {[%csl Gc4,Gd5,Ge6]}) 19. Bxe7 (19. bxc3 Bxg5 20. Nxd6+ Kc7
$11) 19... Nxd1 20. Bxd8 Rxd8 21. Re2 {[%csl Rd1] Black knight is trapped, but
has enough time to get good counter-play.} (21. Nxd6+ Kd7 22. Nxb7 (22. Re1
Nxb2 23. Nxb7 Rc8 {[%csl Gc5]}) 22... Kxe6 23. Nxd8+ Kd5 $36 {[%csl Gd1,Gd5]})
21... d5 22. Na3 c4 {[%cal Gc4c3]} (22... a6 23. Kf1 b5 24. Ke1 Nxb2 25. Rxb2
d4 $132) 23. Rd2 Nxb2 $8 24. Rxb2 {A critical, complicated position. Certainly,
Black has compensation for the knight, but is he better?} a6 {[%csl Gb7,Gc4,
Gd5]} 25. Rd2 (25. Re2 $5) 25... Kc7 26. f4 b5 27. Nc2 Kb6 28. f5 (28. Kf2 Kc5
29. Nd4 Rd7 {[%cal Gc4c3]}) 28... Kc5 29. Nd4 c3 $5 (29... Rd7 $5) 30. Rd1 (30.
Ne6+ $5 Kd6 31. Rd1 Rd7) 30... Rd7 31. Kf2 Re7 ({Possibly, Black should have
preferred} 31... Kc4 $5 32. g4 b4 33. g5 a5 34. Nf3 $5 Kc5 $13) 32. Nb3+ Kb4 $1
(32... Kd6 33. Rc1 b4 $140 34. a3) 33. Rxd5 Ka3 {[%csl Ga3,Gb5,Gc3]} 34. Rc5
Kb2 35. Rc6 (35. Nd4 Re4 36. Ne2 b4 $1) 35... a5 $5 36. Nxa5 (36. Rc5 a4 37.
Nd4 b4 38. Rb5 b3 $1 39. axb3 a3 $19) 36... Ra7 37. Nb3 Rxa2 38. Nd4 Kb1+ ({
Perhaps Black should have considered} 38... b4 $5) 39. Ke3 $2 {Playing pretty
good and interesting chess up to here, White did not bear the pressure of the
struggle/ The following should have been played} (39. Ne2 $142 $1 b4 40. Rc4 $1
Rb2 41. Ke3 c2 42. g4 b3 43. Nc3+ Kc1 44. Kd3 Rb1 45. Nxb1 Kxb1 46. Kd2 $18)
39... c2 40. Ne2 b4 41. Rb6 $2 {One mistake often follows another. It seems
that this natural move is innacurate.} ({After the correct} 41. Kd3 $142 Ra3+
42. Kd2 b3 43. Rc3 $5 b2 {draw will be normal result, for example} 44. Rxc2 Ka1
45. Nc3 Ra7 46. Kd1 Ra3 47. Kd2 $11) 41... Ra3+ 42. Kd2 b3 {[%csl Gb3,Gc2] It
looks, that White can't safe game already - black pawns are too strong!} 43. f6
(43. Nc3+ Kb2 44. Nd1+ cxd1=Q+ 45. Kxd1 Kb1 $19) 43... gxf6 44. Rxf6 Ra7 45.
Rf1+ Kb2 {[%cal Ra7d7]} 46. Nc1 $8 Rd7+ 47. Ke2 (47. Nd3+ Rxd3+ 48. Kxd3 c1=Q)
47... Rd6 $5 {[%cal Gd6g6]} 48. h3 (48. g3 $5 Rd4 49. h3 Rd6 50. g4 Rh6 $19)
48... Rg6 49. Kd3 (49. g4 Rh6 50. Kd2 Rxh3) 49... Rxg2 50. Kc4 Rg3 $19 51. Rh1
Ka3 {[%cal Rb3b2]} 0-1

[Event "RUS-chT 11th"]
[Site "Sochi"]
[Date "2004.04.20"]
[Round "1.2"]
[White "Rublevsky, Sergei"]
[Black "Volokitin, Andrei"]
[Result "1-0"]
[WhiteElo "2671"]
[BlackElo "2600"]
[Annotator "Psakhis,L"]
[PlyCount "51"]
[EventDate "2004.04.20"]
[EventType "team-tourn"]
[EventRounds "9"]
[EventCountry "RUS"]
[SourceTitle "EXT 2020"]
[Source "ChessBase"]
[SourceDate "2019.10.17"]
[SourceVersion "1"]
[SourceVersionDate "2019.10.17"]
[SourceQuality "1"]
[WhiteTeam "Kazan Ladya"]
[BlackTeam "Nizhny Tagil Politekhnik"]
[WhiteTeamCountry "RUS"]
[BlackTeamCountry "RUS"]

1. e4 c5 2. Nf3 d6 3. Bb5+ Bd7 4. Bxd7+ Qxd7 5. O-O Nf6 6. Qe2 Nc6 7. c3 Qg4 (
7... e6 8. d4 cxd4 9. cxd4 d5 10. e5 Ne4 11. Be3 Be7 12. Ne1 f6 13. f3 Ng5 14.
Nd3 f5 (14... Nf7 $5) 15. Nd2 O-O 16. b4 Nf7 17. a3 b6 18. Kh1 Ncd8 19. Rfc1
$14 {1-0 Rozentalis,E-Akesson,R/Upplands Vasby 2000/(25)}) 8. d3 ({The line} 8.
Re1 Ne5 9. Nxe5 Qxe2 10. Rxe2 dxe5 11. Na3 O-O-O 12. b3 e6 {1/2-1/2 Schlawin,
M-Balcerak,P/GER t-ch B20 Greifswald 2002/ (12) leads to equal chances.}) 8...
Ne5 9. Nbd2 Nh5 10. d4 Nf4 11. Qb5+ Kd8 {Black has a number of playable
alternatives:} (11... Nd7 12. g3 Rb8 13. Kh1 a6 14. Qa4 Nd3 15. Qc4 Nxc1 16.
Raxc1 e6 17. Kg2 Be7 18. dxc5 Nxc5 19. h3 Qg6 $11 {1/2-1/2 Fernandez Garcia,
J-Polgar,J/Basque-World Rapid Santurtzi 2003/ (26)}) (11... Nc6 12. Ne1 O-O-O
13. Nb3 $1 $36) (11... Qd7 12. Qxd7+ Nxd7 13. Rd1 e6 14. Nc4 $14 {and White
has slight, but stable advantage.}) 12. Ne1 $146 {This move requires courage
and accurate calculation.} ({Leads to big complications move} 12. Nh4 {with
possible continuation} Ned3 13. Kh1 Qxh4 14. Qxb7 Rc8 15. g3 Qh5 16. gxf4 Qe2 (
16... cxd4 $5) 17. Qxa7 Nxf2+ 18. Rxf2 Qxf2 19. Qb6+ Kd7 20. Qb5+ Kd8 21. Qb6+
Kd7 22. Qb5+ Kd8 23. Qb6+ {1/2-1/2 Rublevsky,S-Belov,V/RUS t-ch rapid Dagomys
2004/(23)}) ({White avoids probable draw in the line} 12. g3 Nh3+ (12... Nxf3+
$2 13. Nxf3 Qxf3 14. Bxf4 Qxe4 15. dxc5) 13. Kg2 Nf4+) 12... Ned3 $1 13. f3 $1
(13. Qxb7 Rc8) 13... Qg5 ({Black could play also} 13... Qg6 $5 {but I think
white chances are better after sharp} 14. Nb3 $5 ({Weaker} 14. Qxb7 {because of
} Ne2+ $1 ({Or} 14... Rc8 15. Qxa7 Ne2+ 16. Kh1 Ng3+ 17. hxg3 Qh6+ $11) 15. Kh1
Ng3+ 16. hxg3 Qh6+ 17. Kg1 Qe3+ 18. Rf2 Qxe1+ $1 19. Rf1 Qe3+ $11) (14. g3 $2
Ne2+ 15. Kg2 Ndxc1) 14... Nxe1 15. g3 Nh3+ 16. Kh1 Nc2 17. Qxb7 Rc8 18. d5 $5
Nxa1 19. Na5 Rc7 20. Nc6+ Kd7 21. Qa8 Rc8 22. Qxa7+ $40) 14. Nb3 ({Much worse} 
14. Qxb7 $2 Rc8 $1 {and White's loss of control on the squares d3 and e2} 15.
Nb3 Nxe1 16. g3 Ne2+ $1) 14... Nxe1 {It is difficult to believe, but Black get
big troubles after this natural move.} ({It seems that necessary was} 14...
Ne2+ $1 15. Kh1 Ndxc1 $1 16. Nxc1 (16. Qxb7 Ng3+ 17. hxg3 Qh6+ 18. Kg1 Qe3+ $11
) 16... Ng3+ $1 (16... Nxc1 $2 17. Qxb7 Rc8 18. f4 $1 $18) 17. hxg3 Qh6+ 18.
Kg1 Qe3+ 19. Rf2 Qxe1+ 20. Qf1 Qxf1+ 21. Rxf1 cxd4 22. cxd4 e6 $11 {with more
or less equal chances}) 15. g3 Nh3+ ({Or} 15... cxd4 16. Qxb7 $1 (16. Qxg5 $6
Nh3+) 16... Ne2+ 17. Kh1 Nxg3+ 18. hxg3 Qxg3 19. Qxa8+ Kc7 20. Qxa7+ $18) ({
Doesn't solve problems and} 15... Ned3 16. Qxb7 Rc8 17. Kh1 $1 Nxc1 18. gxf4
Qxf4 19. Raxc1 {with a great advantage to White.}) 16. Kh1 Qh5 {Serious
mistake!} ({I didn't find how White can get advantahe after} 16... Qf6 $5 {
for example:} 17. Qxb7 Rc8 18. e5 $5 (18. dxc5 $5 Nc2 19. Rb1) 18... Qf5 19.
Rxe1 Rc7 20. Qa8+ Rc8 21. Qd5 e6) 17. g4 (17. dxc5 $5 Nxf3 18. Qe2) 17... Qh4
18. Be3 $1 {Compleating development.} ({After} 18. Qxb7 $2 Nf2+ 19. Rxf2 Qxf2
20. Qxa8+ $11 {and White has the perpetual check only.}) 18... c4 ({Move} 18...
Nc2 {is nicely refuted by} 19. Nxc5 $1 dxc5 20. dxc5 Nxe3 21. Rad1+ Nxd1 22.
Rxd1+ {with mate just in few moves.}) ({Also doesn't work} 18... Nxf3 19. Qxb7
Rc8 20. Rxf3 Qxg4 21. Rxf7 {[%csl Rd8,Rf8,Rh8]}) 19. Qxb7 Rc8 20. d5 $1 {
White doesn't think to much about knight and involves his bishop in attack.}
Nxf3 (20... Rc7 21. Qb8+ Kd7 22. Qb5+ (22. Bxa7 $5 $18) 22... Kd8 23. Na5 $18)
21. Rxf3 cxb3 ({Or} 21... Qxg4 22. Nd2 {: White defended everything and
dominates.}) 22. Rg3 $1 f6 (22... Rc7 23. Qb8+ Kd7 ({or} 23... Rc8 24. Qxa7 $18
) 24. Bxa7 $1 $18 {with idea 25.Bb6.}) 23. axb3 (23. Bxa7 $1 {would have won
even faster.}) 23... g5 (23... Rc7 {doesn't help because of} 24. Bb6 $1 axb6
25. Ra8+ Kd7 26. Qb8 {and White mates.}) (23... Rc7 24. Bb6 axb6 25. Ra8+ Kd7
26. Qb8 $18) 24. Rxa7 Ke8 25. Qxc8+ Kf7 26. Qe6+ {Nice victory.} (26. Qe6+ Kg6
27. e5 $1 dxe5 28. d6 $18) 1-0

[Event "EU-Cup 19th"]
[Site "Rethymno"]
[Date "2003.10.03"]
[Round "6.2"]
[White "Morozevich, Alexander"]
[Black "Svidler, Peter"]
[Result "1/2-1/2"]
[WhiteElo "2679"]
[BlackElo "2723"]
[Annotator "Psakhis,L"]
[PlyCount "51"]
[EventDate "2003.09.28"]
[EventType "team-swiss"]
[EventRounds "7"]
[EventCountry "GRE"]
[SourceTitle "CBM 098"]
[Source "ChessBase"]
[SourceDate "2004.02.03"]
[SourceVersion "1"]
[SourceVersionDate "2004.02.03"]
[SourceQuality "1"]
[WhiteTeam "Tomsk 400"]
[BlackTeam "Paris NAO"]
[WhiteTeamCountry "RUS"]
[BlackTeamCountry "FRA"]

1. e4 c5 2. Nf3 d6 3. Bb5+ Bd7 4. Bxd7+ Qxd7 5. O-O Nf6 6. d3 e6 (6... g6 7.
Nc3 Bg7 8. e5 dxe5 9. Nxe5 Qd8 10. Qf3 Nbd7 11. Nc4 Qc8 12. Re1 Kf8 13. Bf4 Nh5
14. Qe4 e6 15. Be5 Nxe5 16. Nxe5 Nf6 17. Qf3 Qc7 18. Rad1 a6 19. h3 h5 20. a4
Kg8 21. Qf4 {Celaya Tapiz,J-Hidalgo Paniagua,F/Dos Hermanas-D 2003/FCD438/1-0 
(69)}) 7. Ng5 $146 {[%cal Gf2f4] This is a novelty in this position, although
the idea is not new at all.} (7. Nbd2 Nc6 8. a3 Qc7 9. Re1 Be7 10. Rb1 d5 11.
e5 Nd7 12. Qe2 g5 13. h3 h5 14. g4 hxg4 15. hxg4 O-O-O 16. b4 f6 17. exf6 Nd4
18. Qf1 Bxf6 {0-1 Jansa,V-Bednarski,J/Havana Armies-ch 1967/EXT 2001 (24)}) (7.
Nc3 Nc6 8. Nd2 d5 9. Re1 d4 10. Ne2 Be7 11. Ng3 O-O-O 12. Nc4 b5 13. Nd2 Kb7
14. a4 a6 15. Nb3 Qc7 16. Bd2 Ra8 17. c3 Qb6 18. a5 Qa7 19. e5 Nd5 20. Qf3 Rhf8
21. c4 bxc4 {Sanduleac,V-Navratescu,C/Calimanesti 1999/1-0 (41)}) 7... h6 (7...
Nc6 8. f4 {[%cal Gg5f3]}) 8. Nh3 Nc6 9. Nd2 (9. f4 {looks more natural}) 9...
d5 10. c3 Rd8 11. f3 dxe4 12. dxe4 Ne5 {[%csl Gd3]} (12... c4 $5) 13. Nf2 c4
14. f4 Bc5 $3 {[%mdl 2112] Great move!} 15. fxe5 $8 (15. Kh1 Nd3 16. Nxd3 Qxd3
17. Qa4+ Rd7 $36) 15... Nxe4 16. Qf3 (16. Qg4 Nxd2 17. Bxd2 (17. Qxg7 Rf8 18.
Bxd2 Qxd2 $15) 17... Qxd2 18. Qxc4 Bb6 {with small advantage of Black}) 16...
Nxd2 17. Bxd2 Qxd2 18. Kh1 {[%cal Rf2e4]} O-O (18... Bxf2 19. Rxf2 Qd7 20. Qg4
O-O 21. Qxc4 $11) 19. Ne4 {[%csl Ge4]} Qe3 20. Qg4 $5 ({I think that
Morozevich rightly avoided the line} 20. Qxe3 Bxe3 21. Nd6 Bg5 22. Nxc4 Rd5 $15
) 20... Be7 21. Rae1 Qd3 22. h4 ({It looks that} 22. Nf6+ Bxf6 23. exf6 g6 24.
Qf4 Kh7 25. Re3 Qd5 26. Rh3 h5 $17 {leads to better prospects for Black}) 22...
Qd5 23. Ng3 $44 Qd3 ({Piter Svidler could try} 23... Qb5 {but any case draw
will be normal result of interesting fight -} 24. Nh5 g6 25. Rxf7 $1 Rxf7 26.
Qxg6+ Kf8 27. Qxh6+ Ke8 28. Qg6 $1 $11) 24. Ne4 Qd5 25. Ng3 Qd3 26. Ne4 1/2-1/2

[Event "Enghien les Bains"]
[Site "Enghien les Bains"]
[Date "2003.06.22"]
[Round "9"]
[White "Fressinet, Laurent"]
[Black "Polgar, Judit"]
[Result "1/2-1/2"]
[WhiteElo "2595"]
[BlackElo "2715"]
[Annotator "Psakhis,L"]
[PlyCount "92"]
[EventDate "2003.06.13"]
[EventType "tourn"]
[EventRounds "9"]
[EventCountry "FRA"]
[EventCategory "17"]
[SourceTitle "CBM 096"]
[Source "ChessBase"]
[SourceDate "2003.09.25"]
[SourceVersion "1"]
[SourceVersionDate "2003.09.25"]
[SourceQuality "1"]

1. e4 c5 2. Nf3 d6 3. Bb5+ Bd7 4. Bxd7+ Nxd7 5. O-O Ngf6 6. Qe2 e6 7. b3 Be7 8.
Bb2 O-O 9. c4 a6 (9... Re8 10. d4 cxd4 11. Nxd4 a6 12. Nc3 Qc7 13. f4 (13. Rac1
Rad8 14. Kh1 Qc5 15. Rfd1 Bf8 16. Nc2 Qc7 17. Ne3 Qb8 18. Ng4 Nxg4 19. Qxg4 b5
20. Qe2 b4 {1/2-1/2 Svetushkin,D-Ristic,N/EUCup Krunica 1997/CBM 62 (88)})
13... Qc5 14. Na4 Qh5 15. Qxh5 Nxh5 16. f5 Bf6 17. fxe6 fxe6 18. Rad1 Nc5 19.
g4 Nxa4 20. bxa4 Bxd4+ 21. Bxd4 e5 22. gxh5 exd4 23. Rxd4 $14 {1-0 Tal,M-Miles,
A/Riga (izt) (54)}) 10. d4 cxd4 11. Nxd4 Rc8 12. Nc3 Qc7 13. Rad1 Rfe8 14. Kh1
Bf8 15. f4 Qa5 16. Nf3 $146 (16. Rd3 g6 17. Nf3 Nh5 18. g3 b5 19. cxb5 axb5 20.
e5 d5 21. Nd4 b4 22. Na4 Qa6 23. g4 Ng7 24. Nf3 Rc7 {0-1 Fette,M-Gallagher,J/
Krumbach op 1991 (36)}) 16... Red8 17. e5 dxe5 18. fxe5 Ng4 19. Ng5 Ndxe5 ({
It was to dangerous to play} 19... Ngxe5 20. Qe4 (20. Qh5 Nf6 21. Rxd8 Nxh5 22.
Rxc8 Nf6 23. Rd1 $13) 20... g6 21. Nxf7 $1 Nxf7 22. Qxe6 Nde5 23. Nd5 Rc6 $8
24. Ne7+ Bxe7 25. Qxe7 $16 {[%csl Gb2,Ge7,Gf1,Rg8] but saving herself from one
threat, Black is under a new one.}) 20. Nd5 (20. Nxf7 $1 Rxd1 (20... Nxf7 21.
Rxd8 Nxd8 22. Qxg4 $16 {[%csl Gb2,Gf1,Gg4]}) 21. Nxd1 $5 Nxf7 (21... Nxh2 22.
Nxe5 (22. Kxh2 Nxf7 23. Qxe6 Qh5+ $1) 22... Nxf1 23. Qxf1 $16) 22. Qxg4 Re8 $14
) 20... exd5 ({Possibly Judit could play superbrave} 20... Qxa2 $5 {for
example:} 21. Qc2 Ng6 22. Ra1 $140 Qxa1 23. Bxa1 Rxd5 $13) 21. Bxe5 Nxe5 (21...
dxc4 $2 22. Qxg4 Rxd1 23. Qxd1 Qxe5 24. Qh5 $18) 22. Qxe5 Rc7 $5 23. cxd5 $6 ({
Black experiences much more difficulties after} 23. Qf4 $5 {[%cal Gd1d8,Gf1f7]
for example} Bd6 $140 24. Qf5 g6 25. Qh3 h5 26. Rxd5 $18) 23... Re7 (23... Qb6
$5 {bringing queen to the king side.}) 24. Qf5 $6 {Facing stubborn defense,
Fressinet loses his rate of attack.} (24. Qf4 $140 $1 Rdd7 $140 25. d6 Re8 26.
Nxf7 $18) 24... g6 25. Qh3 ({Worth considering} 25. Qf6 $5 Rdd7 26. d6 Re8 27.
Nxf7 Bg7 28. Qf4 $14 {although, the lion's share of advantage had been already
missed.}) 25... f5 $8 (25... h6 26. d6 Rxd6 27. Rxd6 Qxg5 28. Rd8 $16) 26. d6
Red7 27. g4 (27. Qd3 Re8 28. Qc4+ Kh8 $13) 27... f4 $5 28. Ne6 (28. Ne4 Kh8)
28... Re8 29. g5 $5 {It looks like White has managed to cause serious threats,
but it is just an illusory thing.} ({The following does not give anything to
White} 29. Nxf8 Rxf8 30. g5 Qf5) 29... Rxd6 $1 (29... Bxd6 30. Nxf4 {[%cal
Gh3d7]} Rdd8 31. Ne6 Rd7 32. Nf8 $1 Rde7 33. Rxd6 Rxf8 34. Rxf8+ Kxf8 35. Rf6+
Rf7 $8 36. Rxf7+ Kxf7 37. Qxh7+ $16) (29... Qb5 $5) 30. Nxf8 Rxd1 31. Qxh7+
Kxf8 32. Qh8+ Kf7 (32... Ke7 $2 33. Qg7+ Kd8 34. Rxd1+ Kc8 35. Qd7+ $18) 33.
Qf6+ Kg8 34. Qxg6+ Kf8 35. Qh6+ Kg8 36. Qg6+ (36. Rxd1 Re1+ 37. Rxe1 Qxe1+ 38.
Kg2 Qe2+ 39. Kh3 f3) 36... Kf8 37. Rxd1 Re1+ 38. Rxe1 Qxe1+ 39. Kg2 Qe2+ 40.
Kh3 f3 41. Qf5+ Ke7 42. Qf6+ Kd7 43. Qf7+ Kd6 44. Qf4+ Kc6 45. Qc4+ Kb6 46.
Qd4+ Kc6 {White queen and Black king had strange and very long dance together!}
1/2-1/2